000 00402nam a2200133 4500
999 _c517423
_d517423
082 _aI51 N12
100 _aNadar, Jagdish Singh
_925147
245 _a101 Great lives who shaped the world
_cedited by Jagdish Singh Nadar and B. Adyanand Nath
260 _aNew Delhi
_bRobin Books
_c2010
300 _a361p.
650 _aGreat personalities
_925148
700 _aNath, B. Adyanand
_925149
942 _2ddc